Environmental bioremediation technologie /

Salvato in:
Dettagli Bibliografici
Autore principale: Singh, Shree, N.
Altri autori: Tripathi, Rudra D.
Natura: Libro
Lingua:inglese
Pubblicazione: Berlin, New York Springer 2006.
Edizione:1st ed.
Soggetti:
Accesso online:Visualizza in OPAC
Tags: Aggiungi Tag
Nessun Tag, puoi essere il primo ad aggiungerne!!

MARC

LEADER 00000nam a22000005a 4500
005 20260127134249.0
008 060515s2006 nyu 000 0 eng
010 |a 2006-927433 
020 |a 3540347909 (hardcover : alk. paper) 
035 |a vtls008947030 
039 9 |a 200702191139  |b mschk03  |y 200702191132  |z mschk03 
040 |a STUSCHK1  |b slo  |c STUSCHK1  |d DLC 
042 |a pcc 
100 0 |a Singh, Shree, N. 
245 0 0 |a Environmental bioremediation technologie /  |c [edited by] S.N. Singh, R.D. Tripathi. 
250 |a 1st ed. 
260 |a Berlin, New York  |b Springer  |c 2006. 
263 |a 0609 
300 |a xx, 518p. 24 cm. 
650 0 |a environmental 
650 0 |a Bioremediation 
700 0 |a Tripathi, Rudra D. 
906 |a 0  |b ibc  |c orignew  |d 2  |e epcn  |f 20  |g y-gencatlg 
910 |a SCHK95 
919 |a 3-540-34790-9 
925 0 |a acquire  |b 2 shelf copies  |x policy default 
963 |a Janet Sterritt-Brunner; phone: (49) 6221 487 8930; fax: (49) 6221 487 8138; email: janet.sterritt@springer.com; bc: Veronique.VanDenDriessche@springer.com 
999 |c 8215  |d 8215